<?xml version="1.0" encoding="UTF-8"?>
<record
    xmlns:xsi="http://www.w3.org/2001/XMLSchema-instance"
    xsi:schemaLocation="http://www.loc.gov/MARC21/slim http://www.loc.gov/standards/marcxml/schema/MARC21slim.xsd"
    xmlns="http://www.loc.gov/MARC21/slim">

  <leader>01630pab a2200157 454500</leader>
  <controlfield tag="008">180718b2000   xxu||||| |||| 00| 0 eng d</controlfield>
  <datafield tag="100" ind1=" " ind2=" ">
    <subfield code="a">Junor, Anne</subfield>
  </datafield>
  <datafield tag="245" ind1=" " ind2=" ">
    <subfield code="a">Participation, fragmentation and union response: the 1998-2000 act public sector bargaining round and the Workplace Relations Act</subfield>
  </datafield>
  <datafield tag="260" ind1=" " ind2=" ">
    <subfield code="c">2000</subfield>
  </datafield>
  <datafield tag="300" ind1=" " ind2=" ">
    <subfield code="a">p.67-75</subfield>
  </datafield>
  <datafield tag="362" ind1=" " ind2=" ">
    <subfield code="a">Dec</subfield>
  </datafield>
  <datafield tag="520" ind1=" " ind2=" ">
    <subfield code="a">The current Australian Capital Territory (ACT) public sector workplace bargaining round lasted more than two years with most agreements involving a trade-off between low wage outcomes and protection of job security within performance improvement measures.  The main focus of this paper is on government and agency experiments with bargaining structures and processes.  The first was a limited and largely unsuccessful attempt in 1998 and 1999 at participative agreement making without the involvement of the key unions.  The second, a selective decentralisation of bargaining to parts of a single business, was more successful: of 50 agreements, over 40 have been achieved.  The procedural success of the decentralisation strategy is a significant outcome.  However, the fragmentation strategy contained internal contradictions and required strong centralised policy control of bargaining agendas and outcomes, leading to delays and breeding distrust.  Unions conducted effective defensive campaigns against non-union agreements and involuntary redundancies, but face their own dilemmas in finalising this round and preparing for the next. - Reproduced</subfield>
  </datafield>
  <datafield tag="650" ind1=" " ind2=" ">
    <subfield code="a">Labour relations</subfield>
  </datafield>
  <datafield tag="773" ind1=" " ind2=" ">
    <subfield code="a">Australian Journal of Public Administration</subfield>
  </datafield>
  <datafield tag="909" ind1=" " ind2=" ">
    <subfield code="a">46982</subfield>
  </datafield>
  <datafield tag="999" ind1=" " ind2=" ">
    <subfield code="c">46982</subfield>
    <subfield code="d">46982</subfield>
  </datafield>
  <datafield tag="952" ind1=" " ind2=" ">
    <subfield code="0">0</subfield>
    <subfield code="1">0</subfield>
    <subfield code="4">0</subfield>
    <subfield code="7">0</subfield>
    <subfield code="a">IIPA</subfield>
    <subfield code="b">IIPA</subfield>
    <subfield code="d">2018-07-19</subfield>
    <subfield code="h">Volume no: 59, Issue no: 4</subfield>
    <subfield code="p">AR47410</subfield>
    <subfield code="r">2018-07-19</subfield>
    <subfield code="w">2018-07-19</subfield>
    <subfield code="y">AR</subfield>
  </datafield>
</record>
